| 000 | 00405nam a2200145 a 4500 | ||
|---|---|---|---|
| 001 | 000032863 | ||
| 005 | 20240229073831.0 | ||
| 008 | 110801s1985 dr a 000 0 spa d | ||
| 040 |
_aDO-SdBNP _bspa _cBNPHU |
||
| 082 |
_axxx _bH557d |
||
| 100 | 1 |
_aHernández, Ángela, _d1954- _92564 |
|
| 245 | 1 | 0 |
_aDesafio / _cÁngela Hernádez. |
| 260 |
_aSanto Domingo : _bGente, _c1985. |
||
| 300 |
_a45 p. : _bil. ; _c23 cm. |
||
| 999 |
_c32354 _d32354 |
||